000 00783nam a2200241 i 4500
001 bg
100 1 _aBAZELI, Monika
245 1 0 _aMikroorganizmy osadu czynnego :
_bklucz /
_cMonika Bazeli.
260 _aGdańsk :
_bGdańska Fundacja Wody,
_ccop. 2001.
300 _a68 s. :
_bil. (w tym kolor.) ;
_c24 cm.
504 _aBibliogr. - Indeks.
650 9 _aBezkręgowce
_xstosowanie
650 9 _aBezkręgowce
_xsystematyka
650 9 _aOsad czynny
_xstosowanie
020 _a8391556905
040 _cBPK
041 0 _apol
080 _a593/595:628.3
920 _a83-915569-0-5
942 _cKS
008 s pl f |000 0 pol
999 _c52324
_d52324
856 _uhttp://koha.tu.koszalin.pl/cgi-bin/koha/opac-detail.pl?biblionumber=52324
_yKatalog online BPK